Human Anatomy (Record no. 40857)

MARC details
000 -LEADER
fixed length control field 00398nam a2200181Ia 4500
020 ## - INTERNATIONAL STANDARD BOOK NUMBER
ISBN 9780073525600
050 ## - CALL MARK
Classification number QM 23.2 .S25/
100 ## - STATEMENT OF RESPONSIBILITY--MAIN AUTHOR NAME
Personal name Saladin, K. S.
245 #0 - TITLE STATEMENT
Title Human Anatomy
260 ## - PUBLICATION, DISTRIBUTION, ETC. (IMPRINT)
Place of publication New York
260 ## - PUBLICATION, DISTRIBUTION, ETC. (IMPRINT)
Name of publisher McGraw Hill
260 ## - PUBLICATION, DISTRIBUTION, ETC. (IMPRINT)
Year of publication 2011
300 ## - PHYSICAL DESCRIPTION
Number of Pages 739 p
650 ## - SUBJECT ADDED ENTRY--TOPICAL TERM
Topical Term New York
942 ## - ADDED ENTRY ELEMENTS (KOHA)
Koha item type Books

No items available.